000 00578nam a2200217Ia 4500
005 20241129115606.0
008 241129s9999||||xx |||||||||||||| ||und||
020 _a9780691235899
037 _aTB
040 _aSDCL
_beng
_cSDCL
041 _aeng
_2eng
084 _aX:(B) R2
_qSDCL
100 _aHansen Bruce E.
_9724997
245 0 _aEconometrics
260 _aPrinceton
_bPrinceton University Press
_c2022
300 _axxxi,1044p.
365 _aUSD
_b100
650 _aBusiness Economics and Finance
942 _cTB
_hX:(B) R2
999 _c1231124
_d1231124